Sports Quiz

Random Sports or Basketball Quiz
Score 0/31 Timer 04:00
0 Plays Today
Peaked at School % Correct
#3Duke
95.1%
#5Duke
95.1%
#2North Carolina
92.3%
#2Kentucky
88.4%
#4Kentucky
88.4%
#2Michigan
87.8%
#7Kansas
84.4%
#2Kansas
84.4%
#2Florida
82.5%
#2Michigan State
82.1%
#9Connecticut
79.2%
#4Connecticut
77.4%
#2Indiana
76.4%
#5Indiana
76.4%
#11Syracuse
74.7%
#2Ohio State
70.8%
Peaked at School % Correct
#14Villanova
70.8%
#15North Carolina State
70.4%
#2Louisville
69.8%
#7Louisville
69.8%
#2Georgetown
66.1%
#6Arizona
65.9%
#2Maryland
55.9%
#11California
40.1%
#2Marquette
38.5%
#2Cincinnati
37.8%
#2Cincinnati
37.8%
#2Texas Western
33%
#2LaSalle
18.9%
#6CCNY
16.4%
#2Loyola (Chicago)
16.1%

You're not logged in!

Compare scores with friends on all Sporcle quizzes.
OR
Log In

Sporcle TV

Today on Sporcle TV


Watch our educational content, quiz creation guides, and fun videos on Sporcle TV.

Show Comments

Extras

Top Quizzes Today


Score Distribution

Paid Content

Your Account Isn't Verified!

In order to create a playlist on Sporcle, you need to verify the email address you used during registration. Go to your Sporcle Settings to finish the process.

Report this User

Report this user for behavior that violates our Community Guidelines.

Details: